Constructed Subsurface Wetlands: Case Study and Modeling /
Gespeichert in:
| Hauptverfasser: | , |
|---|---|
| Format: | Buch |
| Sprache: | Englisch |
| Veröffentlicht: |
New Jersey:
Apple Academic Press,
2018
|
| Schlagworte: | |
| Tags: |
Keine Tags, Fügen Sie das erste Tag hinzu!
|
MARC
| LEADER | 00000nam a22000003a 4500 | ||
|---|---|---|---|
| 001 | 0069893 | ||
| 003 | SK-STU | ||
| 005 | 20181217131806.8 | ||
| 007 | ta | ||
| 008 | 181217s ----xo-----e------000-0-----d | ||
| 020 | |a 978-1-77188-463-1 | ||
| 040 | |a STU |b slo | ||
| 041 | 0 | |a eng |h eng | |
| 044 | |a xxu | ||
| 100 | 1 | |a Zidan, Abdel Razik Ahmed |4 aut |r Z6 | |
| 245 | 1 | 0 | |a Constructed Subsurface Wetlands: |b Case Study and Modeling / |c aut. Abdel Razik Ahmed Zidan, Mohammed Ahmed Abdel Hady |
| 260 | |a New Jersey: |b Apple Academic Press, |c 2018 | ||
| 300 | |a 664 s. | ||
| 650 | 0 | 7 | |a wetland |
| 650 | 0 | 7 | |a wetland creation |
| 650 | 0 | 7 | |a analysis |
| 700 | 1 | |a Hady, Mohammed Ahmed Abdel |r Z6 |4 aut | |
| 996 | |c V* 52834/O-23991 |l VV7 |s P |a 0 |w 0069893_0001 | ||